000 00577nam a2200181 i 4500
001 75519
003 ES-MaACL
005 20230906172506.0
007 t|
008 040924s1939 cu ||||1| spa d
100 1 _aGranda, Manuel J. de.
_959574
245 1 3 _aLa paz del Manganeso /
_cpor Manuel J. de Granda.
260 _aLa Habana :
_b[s.n.,
_c1939] (
_fImp. A. Muñiz y Hnos.)
300 _aXI, 132 p. ;
_c24 cm.
500 _aPrecede al tit.: Academia de la Historia de Cuba.
710 2 _aAcademia de la Historia de Cuba.
_91183
852 _aES-MaACL
_jA-51735
_bR.18096
999 _c75519
_d75519